000 00713nam a2200241Ia 4500
003 OSt
005 20220925203746.0
006 a|||||r|||| 00| 0
007 ta
008 220923b |||||||| |||| 00| 0 eng d
037 _cGeneral Book
040 _aRTL
_cRTL
_beng
041 _2eng
_aeng
082 _aX65.73.N7, L6
100 _aShaprio Eli Ed.
_9266995
245 0 _aCapital for productivity and jobs
260 _aEnglewood
_bCliffs Prentice Hall
_c1976
300 _avii, 203p. Bib p 193-94
_ccm.
650 _aInvestment
700 _a White William L. Ed.
_9266996
942 _hX65.73.N7, L6
_cGB
_2CC
999 _c547699
_d547699